Aaron Judge Quiz - Statistics

General Stats
  • This quiz has been taken 81 times
  • The average score is 7 of 9
Answer Stats
Hint Answer % Correct
World Series 0
95%
MVP's 2
95%
Number 99
94%
World Series Appearances 1
92%
Team Yankees
92%
ALCS Apperances 4
89%
Homers (season record) 62
77%
GOAT? No
52%
Homers (career) 329
5%
No matching quizzes found
Score Distribution
Percent of People with Each Score
Percentile by Number Answered
Your Score History
You have not taken this quiz